000 00408nam a2200169 a 4500
001 1762176645190
003 ACL
005 20251103190207.0
008 251103s2003##################000#0#eng##
020 _a9788131501887
082 0 4 _a658.155
_bSTU
100 1 _aStulz, René M.,
_eauthor.
245 1 0 _aRisk management and derivatives :
260 _c2003.
942 _cENGLISH
040 _aACL
_beng
_cACL
999 _c595418
_d595418